00384nam a22001337a 450000500170000000800410001704100130005808200130007110000130008424500370009726000580013430000320019265000260022420240611101310.0240611b |||||||| |||| 00| 0 eng d aEnglish  a349 LAW  lEnglish  aAll England Law Reports: Reprint aLondon: bButterworth and Co. Publishers Ltd, c1956  bxxiii, 880 pages; c25 cm.  aLegal practice bLaw